| 000 | 01297 a2200253 4500 | ||
|---|---|---|---|
| 999 |
_c10340 _d10340 |
||
| 020 | _a9780073406930 | ||
| 050 | 0 | 0 | _aD 20 BEN 2008 |
| 100 | 1 |
_aBentley, Jerry H., _d1949-2012. _eauthor |
|
| 245 | 1 | 0 |
_aTraditions & encounters : _ba global perspective on the past / _cJerry H. Bentley and Herbert F. Ziegler |
| 250 | _a4th ed. | ||
| 264 |
_aBoston : _bMcGraHill _c2008 |
||
| 300 |
_a456p.: _bill. (som col.), maps ; |
||
| 440 | _avolume A : from the beginning to 1000 | ||
| 500 | _aIncludes bibliographical references and indexes. | ||
| 504 | _aIncludes bibliographical references and indexes. | ||
| 650 | 0 | _aWorld history | |
| 650 | 0 |
_aIntercultural communication _xHistory |
|
| 700 | 1 |
_aZiegler, Herbert F., _d1949- _eauthor |
|
| 856 | 4 | 1 |
_3Table of contents only _uhttp://www.loc.gov/catdir/enhancements/fy0713/2007273817-t.html |
| 856 | 4 | 2 |
_3Publisher description _uhttp://www.loc.gov/catdir/enhancements/fy0713/2007273817-d.html |
| 856 | 4 | 2 |
_3Contributor biographical information _uhttp://www.loc.gov/catdir/enhancements/fy0737/2007273817-b.html |
| 942 |
_2lcc _cBK _h20 _iBEN _kD _e4th ed. |
||